000 01753nam a2200421 c 4500
003 BLK
005 20180422103949.0
008 180408b bul|||||r ||||||| ||bul||
010 _aKNG00085977000
020 _a978-954-340-070-6
_bиздат.: Ню медиа груп
040 _aBLK
041 _aBUL
_cBUL
080 _aИстория на Татарстан
_b947.041
_x
_z947.041
080 _aПаметници на културата на историческите периоди. Археологическите паметници. Старини
_b904
_x(470.41)
_z904(470.41)
080 _aБългарска литература
_b821.163.2
_x-992
_z821.163.2-992
100 1 _aКараджов, Максим
_eпърви автор
_9368705
700 1 _aТомчев, Цветан
_eфотогр.
_9368704
139 _aКараджов, Максим
_bК 30
245 1 0 _aВ прародината на българите
_cМаксим Караджов; фотогр. Цветан Томчев.
250 _a2. доп. изд.
257 _aBGR
260 София
_bНю медиа груп
_c2007
_fСофия : Мултипринт
300 _a168 с.
_bс ил., 8 л. : сн.
_c20 см
380 _a9
500 _a1. изд. 2004 със загл. В прародината, изд. на Огледала
590 _aф
650 4 _aВолжки българи
_9263141
650 4 _aТатарстан - история
_9173199
650 4 _aТатарстан
_9294922
653 _aпрабългари
653 _aволжки българи
653 _aТатарстан
852 _aЦб 241585
856 4 _qpdf
_u
856 4 _qpdf
_u
942 _cKNG
_n0
944 _aCR
_c21.10.2008
_kПенка_Димитрова
944 _aED
_c07.11.2008
_k
999 _c81473
_d81473